Emotions en Français vers l'Allemand - Statistiques

Statistiques générales
  • Ce quiz a été pris 27 fois
  • Le résultat moyen est 4 sur 12
Statistiques - réponses
Mot français Traduction allemande % Correct
Fatigué müde
79%
Malade krank
67%
Triste traurig
67%
Heureux glücklich
54%
Avoir faim hungrig
38%
Avoir soif durstig
25%
Amoureux verliebt
25%
Timide schüchtern
17%
Surpris überrascht
8%
Enervé böse
4%
Ennuyé gelangweilt
4%
Nerveux nervöse
4%
Aucun quiz correspondant
Distribution des résultats
% des personnes avec chaque résultat
Percentile par nombre de réponses
Votre historique - résultats
Vous n’avez pas pris ce quiz